Kerala motor vehicles taxation act 1976 (with rules) (Record no. 35601)

MARC details
000 -LEADER
fixed length control field 00351nam a2200133Ia 4500
082 ## - DEWEY DECIMAL CLASSIFICATION NUMBER
Classification number 34:629.113(548.3)
Item number SUG
100 ## - MAIN ENTRY--AUTHOR NAME
Personal name SUGATHAN, N
245 #0 - TITLE STATEMENT
Title Kerala motor vehicles taxation act 1976 (with rules)
250 ## - EDITION STATEMENT
Edition statement 2
260 ## - PUBLICATION, DISTRIBUTION, ETC. (IMPRINT)
Place of publication Cochin
Name of publisher Swami
Year of publication 1980
650 ## - SUBJECT ADDED ENTRY--TOPICAL TERM
Topical Term Motor vehicle act
942 ## - ADDED ENTRY ELEMENTS (KOHA)
Koha item type Books
Holdings
Withdrawn status Lost status Damaged status Not for loan Home library Current library Date acquired Full call number Accession Number Koha item type
        RRII Library RRII Library 16/12/2021 34:629.113(548.3) SUG 16023 Books